[Event "DSOL 2022"]
[Site "Germany"]
[Date "2022.02.25"]
[Round "3.3"]
[White "Riemann, Jonas"]
[Black "Carlstedt, Jonathan"]
[Result "0-1"]
[WhiteElo "1451"]
[BlackElo "1798"]
[Annotator "NA"]
[PlyCount "54"]
[EventDate "2022.01.31"]
[EventType "team-tourn"]
[EventCountry "GER"]
[SourceTitle "playchess.com"]
[Source "ChessBase"]
[SourceQuality "1"]
[WhiteTeam "SK Bickenbach I"]
[BlackTeam "SV Werder Bremen I"]
[TimeControl "2700+15"]

1. e4 Nf6 2. e5 Nd5 3. c4 Nb6 4. Nc3 d6 5. exd6 cxd6 6. d4 g6 7. Nf3 Bg7 8. Be2 O-O 9. O-O e5 10. Bg5 f6 11. Bh4 g5 12. Bg3 f5 13. dxe5 f4 14. exd6 fxg3 15. hxg3 Be6 16. c5 N6d7 17. Nd5 Nc6 18. Nc7 Qf6 19. Nxg5 Qxg5 20. Nxe6 Qe5 21. Nxf8 Rxf8 22. b4 Kh8 23. Rb1 Nd4 24. Bd3 Qd5 25. Qd2 Ne5 26. f4 Ng4 27. Rbe1 Qh5 0-1

[Event "DSOL 2022"]
[Site "Germany"]
[Date "2022.02.25"]
[Round "3.4"]
[White "Lawrenz, Denny"]
[Black "Glinzer, Christoph"]
[Result "1-0"]
[WhiteElo "1943"]
[BlackElo "1620"]
[Annotator "ChessBase"]
[PlyCount "57"]
[EventDate "2022.01.31"]
[EventType "team-tourn"]
[EventCountry "GER"]
[SourceTitle "playchess.com"]
[Source "ChessBase"]
[SourceQuality "1"]
[WhiteTeam "Bayern München I"]
[BlackTeam "SK Zehlendorf II"]
[TimeControl "2700+15"]

1. d4 d5 2. c4 Nc6 3. cxd5 Qxd5 4. e3 e5 5. Nc3 Bb4 6. Bd2 Bxc3 7. bxc3 Qd6 8. Bd3 f5 9. Ne2 Nf6 10. Qb1 e4 11. Bc2 O-O 12. Bb3+ Kh8 13. O-O Ne7 14. c4 b6 15. Rd1 Ng4 16. Nf4 g5 17. c5 Qh6 18. Nh3 Bb7 19. d5 bxc5 20. Bc3+ Nf6 21. d6 cxd6 22. Rxd6 Rab8 23. Qb2 Kg7 24. Rd7 Rfe8 25. Rad1 Bc6 26. R1d6 Bxd7 27. Bxf6+ Kf8 28. Bxe7+ Kxe7 29. Rxh6 1-0

[Event "DSOL 2022"]
[Site "Germany"]
[Date "2022.02.25"]
[Round "3.4"]
[White "Fahland, Matthias"]
[Black "Struck, Lasse"]
[Result "0-1"]
[WhiteElo "1748"]
[BlackElo "1806"]
[Annotator "NA"]
[PlyCount "68"]
[EventDate "2022.01.31"]
[EventType "team-tourn"]
[EventCountry "GER"]
[SourceTitle "playchess.com"]
[Source "ChessBase"]
[SourceQuality "1"]
[WhiteTeam "SK Heidenau II"]
[BlackTeam "SF Essen-Katernberg"]
[TimeControl "2700+15"]

1. d4 Nf6 2. Nf3 e6 3. g3 b5 4. a4 b4 5. c4 Bb7 6. Bg2 c5 7. O-O cxd4 8. Qxd4 {is currently scoring better than 8.Nxd4.} Na6 9. Bf4 {[#]} Bc5 $146 ({Predecessor:} 9... Nc5 10. Nbd2 d6 11. Rfd1 e5 12. Nxe5 Bxg2 13. Kxg2 dxe5 14. Qxe5+ Qe7 15. Nf3 Qxe5 16. Bxe5 {0-1 (43) Radusinovic,L (2380)-Potpara,N (2311) Belgrade 2017}) 10. Qd1 d6 11. Nbd2 h6 12. Nb3 e5 13. Nxc5 Nxc5 14. Be3 Qc7 15. Bxc5 dxc5 16. Qb3 O-O 17. Rfd1 Rad8 18. h3 e4 19. Ne1 Rxd1 20. Rxd1 Rd8 21. Rxd8+ Qxd8 22. Bf1 Bc8 23. Kh2 Qd4 24. Qe3 Qxc4 25. Qd2 Bd7 26. Ng2 Bxa4 27. Qd8+ (27. Ne3 $142 Qb3 28. Bg2) 27... Kh7 28. Ne3 Qd4 $19 (28... Qc1 $142 29. Qf8 Qxb2) 29. Qa5 Bd7 30. Qxa7 Qxb2 31. Qxc5 Qc3 32. Qf8 b3 33. Qxf7 b2 34. Qa2 Qc1 0-1

[Event "DSOL 2022"]
[Site "Germany"]
[Date "2022.02.25"]
[Round "3.4"]
[White "Fish, Gennadij"]
[Black "Schmidt, Klaus"]
[Result "1-0"]
[WhiteElo "1689"]
[BlackElo "1474"]
[Annotator "NA"]
[PlyCount "111"]
[EventDate "2022.01.31"]
[EventType "team-tourn"]
[EventCountry "GER"]
[SourceTitle "playchess.com"]
[Source "ChessBase"]
[SourceQuality "1"]
[WhiteTeam "SV Werder Bremen II"]
[BlackTeam "SK Bickenbach I"]
[TimeControl "2700+15"]

1. d4 d5 2. c4 c6 3. Nf3 Nf6 4. Qc2 a6 5. e3 b5 6. b3 g6 7. Bd3 Bg7 8. Nbd2 O-O 9. O-O Nbd7 10. Ba3 Re8 11. Rac1 e5 12. cxd5 cxd5 13. dxe5 Nxe5 14. Nxe5 Rxe5 15. Nf3 Re8 16. Nd4 Bb7 17. Qc7 Bc8 18. Bb4 Bd7 19. h3 Qxc7 20. Rxc7 Rec8 21. Rfc1 Ne8 22. Rxc8 Rxc8 23. Rxc8 Bxc8 24. Nc6 Bf8 25. Bxf8 Kxf8 26. f3 Nc7 27. b4 f6 28. Nd4 Ke7 29. h4 Bd7 30. Kf2 f5 31. f4 Kf6 32. Ke2 h6 33. g3 h5 34. Kd2 Ke7 35. Nf3 Ne6 36. Kc3 Kd6 37. Ng5 Nc7 38. Kd4 Ne6+ 39. Nxe6 Bxe6 40. Bc2 Bd7 41. Bb3 Bc6 42. a3 Bb7 43. a4 Bc6 44. axb5 axb5 45. Bd1 Bd7 46. Be2 Bc6 47. Bf1 Bd7 48. Bg2 Bc6 49. Bf3 Bb7 50. Bd1 Bc6 51. Bb3 Bb7 52. e4 fxe4 53. f5 gxf5 54. Bd1 Bc8 55. Bxh5 Be6 56. Be2 1-0

[Event "DSOL 2022"]
[Site "Germany"]
[Date "2022.02.25"]
[Round "3.4"]
[White "Balov, Darko"]
[Black "Valkova, Anzhelika"]
[Result "1-0"]
[WhiteElo "1628"]
[BlackElo "1694"]
[Annotator "NA"]
[PlyCount "63"]
[EventDate "2022.01.31"]
[EventType "team-tourn"]
[EventCountry "GER"]
[SourceTitle "playchess.com"]
[Source "ChessBase"]
[SourceQuality "1"]
[WhiteTeam "SK Zehlendorf II"]
[BlackTeam "SF Deizisau II"]
[TimeControl "2700+15"]

1. Nf3 d5 2. b4 Nd7 3. d4 Nb6 4. e3 Bf5 5. Bd3 e6 6. b5 Bxd3 7. cxd3 a6 8. bxa6 Rxa6 9. O-O g6 10. Qc2 Bg7 11. a4 Ne7 12. Ba3 O-O 13. Rc1 c6 14. Nbd2 Re8 15. Bb4 Qc7 16. Rcb1 Rea8 17. a5 Nbc8 18. Nb3 Nd6 19. Ne5 Nb5 20. Rc1 Nf5 21. Nc5 R6a7 22. Ned7 Nfxd4 23. exd4 Nxd4 24. Qd1 Ne2+ 25. Qxe2 Bxa1 26. Rxa1 b6 27. Nxb6 Qxb6 28. axb6 Rxa1+ 29. Be1 Rb1 30. b7 Raa1 31. Kf1 d4 32. Qe5 1-0

[Event "DSOL 2022"]
[Site "Germany"]
[Date "2022.02.25"]
[Round "3.4"]
[White "Dabo-Peranic, Robert"]
[Black "Gallinnis, Norbert"]
[Result "1-0"]
[WhiteElo "1620"]
[BlackElo "1608"]
[Annotator "NA"]
[PlyCount "93"]
[EventDate "2022.01.31"]
[EventType "team-tourn"]
[EventCountry "GER"]
[SourceTitle "playchess.com"]
[Source "ChessBase"]
[SourceQuality "1"]
[WhiteTeam "SF Deizisau II"]
[BlackTeam "SG Porz II"]
[TimeControl "2700+15"]

1. e4 e5 2. Nf3 d6 3. d4 f6 4. Bc4 Qe7 5. O-O g6 6. a4 Be6 7. Bxe6 Qxe6 8. a5 Ne7 9. Qd3 a6 10. Nc3 Bg7 11. Nd5 Nxd5 12. Qb3 Qc8 13. exd5 O-O 14. dxe5 dxe5 15. Be3 Kh8 16. Rfd1 Nd7 17. Nd2 f5 18. f3 Re8 19. Nc4 h6 20. d6 c6 21. Nb6 Nxb6 22. Bxb6 Qd7 23. Ra4 g5 24. Rb4 Rac8 25. Bf2 Re7 26. Qd3 Rf7 27. Bb6 h5 28. Bc7 g4 29. Rxb7 e4 30. fxe4 fxe4 31. Qxa6 Qf5 32. Qe2 Rcf8 33. Rb8 Rxb8 34. Bxb8 Qxa5 35. d7 Bf6 36. Bg3 h4 37. Bf2 g3 38. Be3 h3 39. gxh3 gxh2+ 40. Kh1 Kh7 41. Bd4 Bd8 42. Qxe4+ Kh6 43. Qe3+ Kh5 44. Qe2+ Kh6 45. Qe6+ Kg5 46. Be3+ Rf4 47. Qg4+ 1-0

[Event "DSOL 2022"]
[Site "Germany"]
[Date "2022.02.25"]
[Round "3.5"]
[White "Bonacic, Nenad"]
[Black "Misini, Burhanudin"]
[Result "0-1"]
[WhiteElo "1620"]
[BlackElo "1878"]
[Annotator "NA"]
[PlyCount "98"]
[EventDate "2022.01.31"]
[EventType "team-tourn"]
[EventCountry "GER"]
[SourceTitle "playchess.com"]
[Source "ChessBase"]
[SourceQuality "1"]
[WhiteTeam "SV Osnabrück I"]
[BlackTeam "SK Ludwigshafen"]
[TimeControl "2700+15"]

1. c4 c5 2. g3 Nf6 3. Bg2 Nc6 4. Nf3 h6 5. Nc3 g5 6. d3 Bg7 7. O-O O-O 8. a3 d6 9. Rb1 Bf5 10. e4 Bg6 11. b4 Nd7 12. Bd2 cxb4 13. axb4 a5 14. bxa5 Rxa5 15. Nd5 Ra3 16. Qc2 Nc5 17. Ne1 e6 18. Nb4 Nd4 19. Qd1 Qa8 20. Nec2 Nxc2 21. Qxc2 Qa4 22. Qxa4 Rxa4 23. Rfd1 Rfa8 24. Be3 Bc3 25. Nc2 Ra2 26. Nd4 Bh5 27. f3 Rxg2+ 28. Kxg2 Ra2+ 29. Kg1 Bxd4 30. Bxd4 Bxf3 31. Ra1 Rg2+ 32. Kf1 Rxh2 33. Ra8+ Kh7 34. Rh8+ Kg6 35. Ra1 Nxd3 36. Ra3 Bxe4 37. Rg8+ Kh5 38. Rg7 Rh1+ 39. Bg1 Ne5 40. Kf2 f5 41. Ra1 Nxc4 42. Ke2 Ne5 43. Bd4 Rh2+ 44. Kd1 Bf3+ 45. Kc1 Nd3+ 46. Kb1 e5 47. Bc3 Be4 48. Ra5 d5 49. Rxb7 Nc5+ 0-1

[Event "DSOL 2022"]
[Site "Germany"]
[Date "2022.03.11"]
[Round "4.1"]
[White "Kaiser, Gerhard"]
[Black "Klawitter, Harald"]
[Result "0-1"]
[WhiteElo "1963"]
[BlackElo "1810"]
[Annotator "TA"]
[PlyCount "56"]
[EventDate "2022.01.31"]
[EventType "team-tourn"]
[EventCountry "GER"]
[SourceTitle "playchess.com"]
[Source "ChessBase"]
[SourceQuality "1"]
[WhiteTeam "Hamelner SV"]
[BlackTeam "SC Schleispringer Kappeln"]

{[%evp 9,56,16,49,0,0,0,0,0,8,6,1,-16,-22,-29,-20,-27,-25,-87,-86,-129,-112,-215,-185,-185,-177,-177,-181,-183,-201,-204,-208,-200,-193,-191,-187,-311,-290,-384,-408,-470,-422,-724,-553,-713,-695,-29989,-29990,-29995,-1062]} 1. e4 c5 2. Nf3 d6 3. Bb5+ Bd7 4. c4 g6 5. d4 Bg7 6. Be3 {B52: Sicilian: Moscow Variation with 3...Bd7.} (6. dxc5 $1 $14 dxc5 7. O-O) 6... Nf6 $11 7. Nc3 ({Of course not} 7. dxc5 Nxe4 8. Bd4 Qa5+ 9. Nc3 Nxc3 10. bxc3 e5 $17) 7... Ng4 {[#]} 8. Bf4 $146 {The position is equal.} ({Predecessor:} 8. Bg5 h6 9. Bh4 O-O 10. O-O Nc6 11. h3 Nf6 12. e5 Ne8 13. Bxc6 bxc6 14. Re1 {½-½ (20) Fruebing,T (2189)-Troyke,D (2123) Bad Zwischenahn 2006}) 8... cxd4 9. Nxd4 Nc6 10. Bxc6 bxc6 11. Nde2 Qb6 {[%csl LRb2,LRf2]} 12. O-O Qxb2 13. Rb1 Qa3 $17 {Black is more active. Black keeps a firm grip on the game.} 14. Rb3 ({Better is} 14. Na4) 14... Qc5 15. Qd3 (15. Rb7 $17 {is a better defense.}) 15... O-O 16. h3 Ne5 $36 {[%mdl 2048] White is under strong pressure.} 17. Bxe5 Bxe5 18. Nd1 Rab8 19. Ne3 Rb6 20. Rfb1 Rfb8 21. Kf1 Be6 22. Nc3 (22. Ke1 {was called for.}) 22... Qa5 $19 23. Ned1 f5 24. f3 fxe4 25. fxe4 (25. Nxe4 $142 Qxa2 26. Rxb6 Rxb6 27. Rc1) 25... Rf8+ 26. Ke2 Bxc3 {This bishop pair is nice.} 27. Rxb6 Qh5+ 28. Ke3 Qg5+ {Weighted Error Value: White=0.75/Black=0.13 (very precise)} 0-1

[Event "DSOL 2022"]
[Site "Germany"]
[Date "2022.03.11"]
[Round "4.1"]
[White "Saraci, Nderim"]
[Black "Lagunow, Raphael"]
[Result "0-1"]
[WhiteElo "1816"]
[BlackElo "1727"]
[Annotator "NA"]
[PlyCount "52"]
[EventDate "2022.01.31"]
[EventType "team-tourn"]
[EventCountry "GER"]
[SourceTitle "playchess.com"]
[Source "ChessBase"]
[SourceQuality "1"]
[WhiteTeam "SK Ludwigshafen"]
[BlackTeam "SK Zehlendorf I"]
[TimeControl "2700+15"]

{[%evp 27,51,-38,-27,-19,-24,-38,-41,-34,-21,-31,-20,-21,-19,-22,-18,-39,-32,-43,-32,-47,-49,-28,-32,-126,-97,-1849]} 1. d4 d5 2. Nf3 Nf6 3. Bf4 c5 4. e3 Nc6 5. Nbd2 e6 6. c3 Nh5 7. Bg5 f6 8. Bh4 cxd4 9. Nxd4 g6 10. Be2 Ng7 11. Bg3 e5 12. N4b3 Be6 13. O-O Be7 14. c4 O-O 15. cxd5 Bxd5 16. Bc4 Bxc4 17. Nxc4 b5 18. Qe2 Qd5 19. Nca5 Nxa5 20. Nxa5 a6 21. e4 Qe6 22. Rfc1 Rac8 23. Nb3 Nh5 24. f3 Rfd8 25. Bf2 (25. Rxc8 $11 {keeps the balance.} Rxc8 26. Rd1) 25... Nf4 26. Rxc8 $19 Nxe2+ 0-1

[Event "DSOL 2022"]
[Site "Germany"]
[Date "2022.03.11"]
[Round "4.1"]
[White "Carow, Johannes"]
[Black "Nguyen, Alex Dac-Vuong"]
[Result "0-1"]
[WhiteElo "1775"]
[BlackElo "1828"]
[Annotator "NA RC"]
[PlyCount "94"]
[EventDate "2022.01.31"]
[EventType "team-tourn"]
[EventCountry "GER"]
[SourceTitle "playchess.com"]
[Source "ChessBase"]
[SourceQuality "1"]
[WhiteTeam "SF Heidesheim I"]
[BlackTeam "SG Leipzig"]
[TimeControl "2700+15"]

{[%evp 15,67,0,2,0,0,10,-7,0,32767,32767,32767,32767,32767,32767,32767,-58,32767,32767,-71,32767,32767,32767,-60,-56,-63,-62,-40,-64,-24,-53,0,0,0,-188,-175,-268,-177,-306,-307,-318,-361,-327,-339,-295,-323,-354,-306,-406,-390,-424,-374,-347,-498,-358]} 1. c4 Nf6 2. Nf3 c5 3. g3 d5 4. cxd5 Nxd5 5. Bg2 Nc6 6. Nc3 Nc7 7. O-O e5 8. a3 Rb8 9. d3 Be7 10. Nd2 Bd7 11. Nc4 f6 12. f4 b5 13. Ne3 exf4 14. gxf4 O-O 15. Kh1 Nd4 16. a4 b4 17. Ne4 Bc6 18. f5 Qd7 19. Ng3 Bd6 20. Ne4 Rfe8 21. Nc4 Bf8 (21... Be7 $5 {[%cal Rd4f5]}) 22. Bf4 Rbd8 (22... b3 $1 $15 {should be considered.}) 23. e3 Nxf5 24. Qg4 $2 (24. Bxc7 $11 Qxc7 25. Qg4 (25. Rxf5 $2 Bxe4 26. Bxe4 Rxe4 $17) 25... Bxe4 26. Bxe4) 24... Nd5 25. Bg5 (25. Rae1 $142) 25... Nfe7 ({Not} 25... fxg5 26. Qxf5 Qxf5 27. Rxf5 $17) ({Weaker is} 25... Nfxe3 26. Qxd7 Rxd7 27. Bxe3 Nxe3 28. Nxf6+ gxf6 29. Bxc6 Nxf1 30. Bxd7 $15) 26. Qh5 (26. Qxd7 {is a better defense.} Bxd7 27. Bh4) 26... Ng6 27. Bh4 Nxh4 (27... Bxa4 28. Bg3 Bc6 29. Qf5 $17) 28. Qxh4 f5 ({Not} 28... Bxa4 29. Bh3 Qc6 30. Bg2 $17) 29. Ng3 Nxe3 30. Nxe3 Rxe3 31. Nxf5 Bxg2+ 32. Kxg2 Qd5+ ({But not} 32... Rxd3 $2 33. Rae1 $19) 33. Kg1 Rxd3 34. Rae1 $19 c4 35. Re7 Qc5+ 36. Kh1 Rd1 37. Rxg7+ Bxg7 38. Ne7+ Qxe7 39. Qxe7 Rxf1+ 40. Kg2 Rfd1 41. Qxb4 R1d2+ 42. Kh3 R8d3+ 43. Kg4 Rd4+ 44. Kf3 Rxb2 45. Qc5 Rb3+ 46. Ke2 Re4+ 47. Kd2 Bh6+ 0-1

[Event "DSOL 2022"]
[Site "Germany"]
[Date "2022.03.11"]
[Round "4.1"]
[White "Perestjuk, Marko"]
[Black "Matthey, Harald"]
[Result "1-0"]
[WhiteElo "1649"]
[BlackElo "1551"]
[Annotator "NA RC"]
[PlyCount "57"]
[EventDate "2022.01.31"]
[EventType "team-tourn"]
[EventCountry "GER"]
[SourceTitle "playchess.com"]
[Source "ChessBase"]
[SourceQuality "1"]
[WhiteTeam "SC Zitadelle Spandau"]
[BlackTeam "SK Dessau I"]
[TimeControl "2700+15"]

1. e4 Nf6 2. e5 Nd5 3. d4 Nb6 4. f4 d6 5. c4 g5 6. Nc3 Bg7 7. fxg5 Nc6 8. Nf3 dxe5 9. d5 Nd4 10. Be3 c5 11. Bd3 Bg4 12. Ne4 Rc8 13. h3 Bh5 14. Rc1 f5 15. gxf6 exf6 16. g4 Bg6 17. O-O O-O 18. Qe1 f5 19. gxf5 Bxf5 20. Bxd4 cxd4 21. Qg3 Nd7 22. Rc2 Bxe4 23. Bxe4 Nc5 24. Rg2 Qf6 25. Bxh7+ Kh8 26. Bf5 Rc7 27. Nxe5 Ne4 28. Ng6+ Kg8 29. Qxc7 1-0

[Event "DSOL 2022"]
[Site "Germany"]
[Date "2022.03.11"]
[Round "4.1"]
[White "Wessendorf, Thomas"]
[Black "Bluebaum, Matthias"]
[Result "0-1"]
[WhiteElo "1630"]
[BlackElo "1877"]
[Annotator "NA RC"]
[PlyCount "74"]
[EventDate "2022.01.31"]
[EventType "team-tourn"]
[EventCountry "GER"]
[SourceTitle "playchess.com"]
[Source "ChessBase"]
[SourceQuality "1"]
[WhiteTeam "SF Essen-Katernberg"]
[BlackTeam "Deizisau I"]
[TimeControl "2700+15"]

{[%evp 17,70,17,0,0,22,32767,32767,32767,11,-10,0,9,32767,0,0,0,0,0,0,0,67,64,84,0,0,0,0,0,0,-18,-16,32767,-327,-688,32767,32767,32767,32767,32767,-1124,-893,-878,-856,-777,-800,-1041,-1080,-1035,-1132,-914,-928,-976,-941,-867,-1127]} 1. e4 e6 2. d4 d5 3. Nd2 c5 4. exd5 Qxd5 5. Ngf3 cxd4 6. Bc4 Qd7 7. O-O Nc6 8. Nb3 a6 9. Re1 b5 10. Bf1 Bb7 11. a4 b4 12. Nbxd4 Nxd4 13. Qxd4 Nf6 14. Be3 Rc8 15. Qh4 (15. Ne5 $14 {deserves consideration.} Qxd4 16. Bxd4) 15... Be7 16. Ne5 Qc7 17. Bg5 Nd5 18. Rad1 Qd8 ({Black should play} 18... Bxg5 $11 19. Qxg5 O-O) 19. Qh5 g6 {[#]} 20. Qf3 ({White has to play} 20. Bxe7 $1 $16 Qxe7 21. Qh6 (21. Qe2 O-O $11)) 20... f6 21. Ng4 ({Much weaker is} 21. Qh3 fxe5 22. Qxe6 Qd6 23. Qxe5 Qxe5 24. Rxe5 h6 25. Bxe7 Nxe7 $15) (21. Nc4 $5 {[%cal Re1e6]} fxg5 22. Rxe6 $11) 21... fxg5 22. Rxe6 Rf8 23. Qh3 $1 Kf7 24. Ne5+ {[#]} Kg7 $1 ({Worse is} 24... Kg8 25. Nxg6 hxg6 26. Rxg6+ Kf7 27. Rh6 $11) 25. Nxg6 $2 (25. Ng4 Qc7 26. Rde1) 25... hxg6 26. Rxg6+ Kxg6 27. Bd3+ Kf7 28. Bf5 {[#]} Nf4 $1 29. Qh7+ Kf6 30. Rxd8 Rcxd8 31. Bd3 Nxd3 32. Qh6+ Ke5 33. cxd3 Bf6 34. Qh7 Bd5 35. Qc7+ $19 Kf5 36. h3 Kg6 37. Qb6 b3 0-1

[Event "DSOL 2022"]
[Site "Germany"]
[Date "2022.03.11"]
[Round "4.1"]
[White "Malinowsky, Levi"]
[Black "Pruefer, Friedbert"]
[Result "0-1"]
[WhiteElo "1567"]
[BlackElo "1764"]
[Annotator "NA RC"]
[PlyCount "70"]
[EventDate "2022.01.31"]
[EventType "team-tourn"]
[EventCountry "GER"]
[SourceTitle "playchess.com"]
[Source "ChessBase"]
[SourceQuality "1"]
[WhiteTeam "Doppelbauer Kiel I"]
[BlackTeam "TSG Taucha I"]
[TimeControl "2700+15"]

1. e4 d6 2. d4 Nf6 3. Nc3 g6 4. f4 Bg7 5. Nf3 O-O 6. Bd3 Nc6 7. O-O e5 8. fxe5 dxe5 9. d5 Nd4 10. Be3 Ng4 11. Qd2 Nxe3 12. Qxe3 Bg4 13. Nd2 Qh4 14. Qf2 Qxf2+ 15. Kxf2 f5 16. Kg3 Bh6 17. Nf3 Bf4+ 18. Kf2 Bxf3 19. gxf3 Bxh2 20. Ne2 Nxe2 21. Kxe2 fxe4 22. fxe4 Bf4 23. Kf3 Rf6 24. Kg2 Kg7 25. Rf3 g5 26. Rf2 h5 27. Rh1 Kg6 28. b4 g4 29. c4 Kg5 30. a4 h4 31. c5 h3+ 32. Kf1 g3 33. Rg1 Kh4 34. Rf3 g2+ 35. Ke2 h2 0-1

[Event "DSOL 2022"]
[Site "Germany"]
[Date "2022.03.11"]
[Round "4.1"]
[White "Zimmermann, Manfred"]
[Black "Brand, Danny"]
[Result "1-0"]
[WhiteElo "1538"]
[BlackElo "1751"]
[Annotator "NA RC"]
[PlyCount "127"]
[EventDate "2022.01.31"]
[EventType "team-tourn"]
[EventCountry "GER"]
[SourceTitle "playchess.com"]
[Source "ChessBase"]
[SourceQuality "1"]
[WhiteTeam "Kieler SG II"]
[BlackTeam "Chemnitzer SC Aufbau"]
[TimeControl "2700+15"]

1. d4 d5 2. Nf3 e6 3. e3 c5 4. b3 Nc6 5. Bb2 Nf6 6. Bd3 Bd7 7. O-O Be7 8. Nbd2 O-O 9. a3 a6 10. Ne5 Nxe5 11. dxe5 Ne8 12. f4 f6 13. c4 fxe5 14. fxe5 Rxf1+ 15. Qxf1 Bg5 16. Qe2 g6 17. Rf1 Bc6 18. Nf3 Bh6 19. h3 Rb8 20. Nh2 b5 21. Ng4 Bg7 22. Rf2 Qg5 23. Qf3 Rb7 24. Qf4 Qxf4 25. exf4 d4 26. Re2 Kf7 27. Nf2 Bh6 28. g3 Ng7 29. Ng4 Nf5 30. Bxf5 gxf5 31. Nxh6+ Kg6 32. Ng8 bxc4 33. bxc4 Bf3 34. Rd2 Rb3 35. Nf6 Bc6 36. Kh2 Rf3 37. Ng8 Kf7 38. Nf6 Rf1 39. g4 Rxf4 40. gxf5 Rxf5 41. Ng4 h5 42. Nh6+ Kg6 43. Nxf5 Kxf5 44. Kg3 Kxe5 45. Re2+ Kf5 46. Bc1 e5 47. Rf2+ Ke4 48. Rf6 Bb7 49. Rb6 Bc8 50. Rc6 Bb7 51. Rxc5 d3 52. Bd2 Kd4 53. Rc7 Bh1 54. h4 e4 55. Kf2 Bf3 56. c5 Kd5 57. Ke3 Bh1 58. Bb4 Kc4 59. c6 Kb5 60. Rc8 Kb6 61. Bd6 a5 62. c7 Kc6 63. Rb8 d2 64. Kxd2 1-0

[Event "DSOL 2022"]
[Site "Germany"]
[Date "2022.03.11"]
[Round "4.1"]
[White "Budt, Matthias"]
[Black "Agopov, Mikael"]
[Result "0-1"]
[WhiteElo "1517"]
[BlackElo "1656"]
[Annotator "NA RC"]
[PlyCount "54"]
[EventDate "2022.01.31"]
[EventType "team-tourn"]
[EventCountry "GER"]
[SourceTitle "playchess.com"]
[Source "ChessBase"]
[SourceQuality "1"]
[WhiteTeam "SK Zehlendorf II"]
[BlackTeam "SF Berlin I"]
[TimeControl "2700+15"]

1. d4 Nf6 2. Nf3 d5 3. c4 e6 4. g3 dxc4 5. Bg2 Bd7 6. Ne5 Bc6 7. Nxc6 Nxc6 8. Qa4 Qd7 9. e3 O-O-O 10. Qxc4 Nd5 11. O-O h5 12. Nc3 h4 13. Ne4 hxg3 14. hxg3 f5 15. Nc5 Bxc5 16. Qxc5 g5 17. Bd2 Rh5 18. b4 Rdh8 19. Rfc1 Qh7 20. Kf1 f4 21. e4 fxg3 22. fxg3 Rh1+ 23. Kf2 Rh2 24. exd5 Rxg2+ 25. Kf3 g4+ 26. Kf4 Qf5+ 27. Ke3 Qf3# 0-1

[Event "DSOL 2022"]
[Site "Germany"]
[Date "2022.03.11"]
[Round "4.2"]
[White "Heinsohn, Guenther"]
[Black "Braeutigam, Alexander"]
[Result "1-0"]
[WhiteElo "1989"]
[BlackElo "1699"]
[Annotator "ChessBase"]
[PlyCount "113"]
[EventDate "2022.01.31"]
[EventType "team-tourn"]
[EventCountry "GER"]
[SourceTitle "playchess.com"]
[Source "ChessBase"]
[SourceQuality "1"]
[WhiteTeam "TSG Taucha I"]
[BlackTeam "Doppelbauer Kiel I"]
[TimeControl "2700+15"]

1. c4 Nf6 2. Nc3 g6 3. Nf3 Bg7 4. d4 O-O 5. Bg5 d6 6. e3 c5 7. Be2 cxd4 8. Nxd4 Nc6 9. O-O Qb6 10. Qd2 Nxd4 11. exd4 Re8 12. Rfe1 Bf5 13. Bf3 Rac8 14. b3 a6 15. Rad1 Qc7 16. Rc1 Qd7 17. h3 Qc7 18. Bxf6 exf6 19. Nd5 Qd8 20. Rxe8+ Qxe8 21. Re1 Be6 22. Nb6 Qd8 23. Nxc8 Bxc8 24. Qe3 Kf8 25. d5 f5 26. c5 Be5 27. b4 f4 28. Qd2 Kg7 29. c6 Qb6 30. Rc1 Qc7 31. a4 b6 32. Be2 f5 33. f3 Kf6 34. Kh1 Ke7 35. Qe1 Kf7 36. Bd3 Kf6 37. Qe2 Qa7 38. Qf2 Qc7 39. Qe2 Qa7 40. c7 Qb7 41. Bxa6 Qxa6 42. Qxa6 Bxa6 43. c8=Q Bxc8 44. Rxc8 Bd4 45. Re8 Kf7 46. Re6 Bc3 47. Rxd6 Bxb4 48. Rxb6 Bc5 49. Rc6 Bd4 50. a5 Ke7 51. a6 Kd7 52. Rf6 Kc7 53. Rf7+ Kb8 54. Rxh7 Be5 55. h4 Ka8 56. Kh2 Kb8 57. Kg1 1-0

[Event "DSOL 2022"]
[Site "Germany"]
[Date "2022.03.11"]
[Round "4.2"]
[White "Haufe, Laurin"]
[Black "Beck, Michael"]
[Result "1-0"]
[WhiteElo "1831"]
[BlackElo "1536"]
[Annotator "NA RC"]
[PlyCount "69"]
[EventDate "2022.01.31"]
[EventType "team-tourn"]
[EventCountry "GER"]
[SourceTitle "playchess.com"]
[Source "ChessBase"]
[SourceQuality "1"]
[WhiteTeam "SG Leipzig"]
[BlackTeam "SF Heidesheim I"]
[TimeControl "2700+15"]

{[%evp 8,59,33,25,31,9,24,32767,32767,32767,32767,32767,32767,32767,13,-10,13,5,0,32767,32767,32767,32767,32767,12,32767,61,46,48,0,0,0,10,12,103,37,156,155,118,0,74,0,69,50,52,0,61,-33,0,0,0,0,599,537]} 1. e4 e6 2. d4 d5 3. Nd2 Nc6 4. Ngf3 Nf6 5. e5 Nd7 $1 6. Bd3 Nb4 $1 7. Be2 c5 8. c3 Nc6 9. Bd3 Qb6 10. O-O cxd4 11. cxd4 Nxd4 12. Nxd4 Qxd4 13. Nf3 Qb6 14. Qa4 Qb4 15. Qc2 Nc5 16. Bd2 Qg4 (16... Qa4 $1 $11) 17. Rac1 Bd7 18. b4 ({White should play} 18. h3 $16 Qa4 19. b3) 18... Nxd3 19. Qxd3 Be7 20. Rc7 Rb8 {[#]} (20... a6 $11 21. Rxb7 Qc4 22. Qxc4 dxc4) 21. Rfc1 (21. Rxd7 $1 $16 {[%mdl 512]} Kxd7 22. Qb5+ Kd8 23. Qa5+ Ke8 24. Qxa7) 21... a6 (21... Qe4 $1 $14 22. Qc3 d4) 22. Qe3 b6 23. a4 $2 ({White should try} 23. Ra7 $18) 23... Bxb4 24. Bxb4 Qxb4 25. Qg5 Rg8 26. h4 (26. Qe3 $1 $14) 26... Qxa4 (26... h6 $11 27. Qe3 (27. Qh5 $2 Rf8 $17) 27... Qxa4) 27. h5 (27. Qe3 $1 $14) 27... h6 28. Qe3 Ke7 29. Nd4 Ke8 $18 (29... Rgc8 $11 30. Nc6+ Kf8 31. Nxb8 Rxb8) 30. Nc6 ({Weaker is} 30. Qf4 Rf8 $11) 30... Bxc6 31. R7xc6 Kd8 32. Rc8+ Rxc8 33. Qxb6+ Ke8 34. Rxc8+ Kd7 35. Qc7# 1-0